000
00258nam a2200109Ia 4500
005
20251222114352.0
008
251222s1900||||xx |||||||||||||| ||spa||
082
_a
DVD0124/P26/1996
245
0
_a
Evita
264
_b
Stigwood, Robert. G. Andrew.
942
_c
DVD
999
_c
1294
_d
1294